000 00939nam a22002417a 4500
005 20250429112119.0
008 250429b |||||||| |||| 00| 0 eng d
020 _a81-85322-93-7 (hbk)
037 _cREF
040 _aCRL
_cCRL
041 _2pun
_apun
084 _aP153:4k 111R2
_qCRL
245 _aਪੰਜਾਬੀ ਅੰਗਰੇਗੀ ਕੋਸ਼
260 _aਚੰਡੀਗਢ, ਭਾਰਤ:
_bਪਉਬਲੀਕਤੀਓਂ ਬੀਊਰੋ,
_c2022.
300 _a935 ਪ੍ਰ
365 _b1250.00
_cINR
650 _aਪੰਜਾਬੀ ਭਾਸ਼ਾ
_9753370
650 _aਕੋਸ਼
_9753371
700 _aਸਿੰਘ, ਸਰਬਜੀਤ
_eਮੁੱਖ ਸਮਪਾਦਕ
_9753372
700 _aਸੇਠੀ, ਉਮਾ
_eਸਮਪਾਦਕ
_9753373
942 _2CC
_cREF
_hP153:4k 111R2
_n0
999 _c1309715
_d1309715